| 000 | 00516nam a22001457a 4500 | ||
|---|---|---|---|
| 020 | _a0-02-313090-3 | ||
| 082 | _a658.5 BOW'L | ||
| 100 |
_aHELFERICK, DMAR K ,CLOSS, DAVID J ,BOWERSOX, DONALD J _962242 |
||
| 245 | _aLOGISTICAL MANAGEMENT ,A SYSTEM INTEGRATION OF PHYSICAL DISTRIBUTION MANUFACTURING SUPPORT AND MATERIALS PROCUREMENT | ||
| 250 | _a3RD | ||
| 260 |
_aNEWYORK _bMACMILLAN _c1986 |
||
| 300 | _a586P | ||
| 650 |
_aMATERIALS MANAGEMENT PHYSICAL DISTRIBUTION OF GOODS MANAGEMENT _962243 |
||
| 942 | _cBK | ||
| 999 |
_c571412 _d571412 |
||